000 00322nam a22001337a 4500
008 170327b xxu||||| |||| 00| 0 eng d
020 _a0721675492
041 _aeng
080 _a615.83
100 _a8
101 _aSHM
245 _aINFECTIONS DISEASES OF THE FETUS AND NEWBORN INFANT
_cREMINGTON.J.S
942 _2udc
_cBK
999 _c8652
_d8652